[Event "8. Wunsiedel Schach-Festival Meisterturn"]
[Site "Wunsiedel"]
[Date "2014.05.30"]
[Round "3.15"]
[White "Lorenz, Mark"]
[Black "Höpfner, Tim"]
[Result "1-0"]
[WhiteElo "2242"]
[BlackElo "1944"]
[PlyCount "73"]
[EventDate "2014.05.29"]

1. Nf3 Nf6 2. d4 g6 3. Bg5 Bg7 4. Nbd2 d6 5. c3 Nbd7 6. e4 h6 7. Bh4 c5 8. Bc4
Nb6 9. Bb3 Qc7 10. O-O O-O 11. Qe2 Re8 12. e5 Nfd5 13. Bg3 Bf5 14. Rfe1 Qd7 15.
dxc5 dxc5 16. a4 a5 17. Red1 Qc6 18. h3 Red8 19. Nh4 Be6 20. Bc2 h5 21. f4 Bh6
22. Rf1 Nc7 23. Ne4 Bc4 24. Qf3 Bxf1 25. Rxf1 e6 26. Nf6+ Kf8 27. Be4 Nbd5 28.
c4 Qb6 29. cxd5 Nxd5 30. Bxd5 exd5 31. f5 c4+ 32. Kh2 Qe3 33. Qd1 Qd2 34. Qxd2
Bxd2 35. fxg6 d4 36. Ne4 Bh6 37. Rxf7+ 1-0

[Event "8. Wunsiedel Schach-Festival Meisterturn"]
[Site "Wunsiedel"]
[Date "2014.05.30"]
[Round "3.16"]
[White "Schaarschmidt, Kay"]
[Black "Rusche, Johannes"]
[Result "1/2-1/2"]
[WhiteElo "2049"]
[BlackElo "2241"]
[PlyCount "62"]
[EventDate "2014.05.29"]

1. e4 e5 2. Nf3 Nc6 3. Bb5 a6 4. Ba4 Nf6 5. O-O Be7 6. Re1 b5 7. Bb3 d6 8. c3
O-O 9. d3 Na5 10. Bc2 c5 11. Nbd2 Re8 12. Nf1 Nc6 13. Ng3 Bf8 14. h3 h6 15. d4
Qc7 16. Be3 Bd7 17. Rc1 Qb7 18. d5 Ne7 19. Qd2 Ng6 20. Rcd1 a5 21. Ne2 a4 22.
g4 Reb8 23. Ng3 b4 24. c4 b3 25. axb3 axb3 26. Bb1 Qb4 27. Qc1 Ra4 28. Bd3 Qb6
29. Bb1 Ra1 30. Nf5 Qa6 31. Qc3 Ra4 1/2-1/2

[Event "8. Wunsiedel Schach-Festival Meisterturn"]
[Site "Wunsiedel"]
[Date "2014.05.30"]
[Round "3.17"]
[White "Hebbering, Tom Elliot"]
[Black "Promyshlyanskyy, Vitaliy"]
[Result "0-1"]
[WhiteElo "2007"]
[BlackElo "2235"]
[PlyCount "106"]
[EventDate "2014.05.29"]

1. d4 Nf6 2. c4 g6 3. Nf3 Bg7 4. Nc3 d6 5. e4 O-O 6. h3 Nbd7 7. Bg5 h6 8. Be3
a6 9. Be2 Kh7 10. O-O e5 11. Qc2 Qe7 12. dxe5 dxe5 13. Nd5 Qd8 14. Rfd1 Rb8 15.
Rac1 c6 16. Nb6 Qe7 17. Nxc8 Rbxc8 18. c5 Rfd8 19. Nd2 Ne8 20. Nc4 Nf8 21. Bg4
Rb8 22. Nb6 Nf6 23. Rxd8 Rxd8 24. Nc8 Qc7 25. Nd6 Nxg4 26. hxg4 Ne6 27. Qc4 Bf8
28. g3 Bxd6 29. cxd6 Qxd6 30. Kg2 Kg7 31. Rh1 g5 32. Qc3 Kg6 33. Bb6 Rd7 34.
Qf3 c5 35. Ba5 Nd4 36. Qe3 Qe6 37. Bc3 Qxg4 38. a4 b6 39. f3 Qe6 40. g4 Qc4 41.
b3 Nxb3 42. Bxe5 Rd3 43. Qg1 Qc2+ 44. Kg3 f6 45. Rxh6+ Kxh6 46. Qh1+ Kg7 47.
Bxf6+ Kxf6 48. Qh6+ Ke7 49. Qg7+ Kd8 50. Qf6+ Kc7 51. Qe5+ Rd6 52. Qe7+ Rd7 53.
Qe5+ Kb7 0-1

[Event "8. Wunsiedel Schach-Festival Meisterturn"]
[Site "Wunsiedel"]
[Date "2014.05.30"]
[Round "3.18"]
[White "Grimm, Julius"]
[Black "Jorgensen, Soren Berg"]
[Result "1/2-1/2"]
[WhiteElo "1939"]
[BlackElo "2174"]
[PlyCount "107"]
[EventDate "2014.05.29"]

1. d4 e6 2. c4 f5 3. Nf3 Nf6 4. Nc3 Bb4 5. Bd2 b6 6. g3 Bb7 7. Bg2 O-O 8. O-O
Qc8 9. a3 Bxc3 10. Bxc3 Ne4 11. Rc1 Nxc3 12. Rxc3 Be4 13. Qd2 Qb7 14. Rd1 d6
15. Bf1 Qc8 16. Ng5 h6 17. Nxe4 fxe4 18. Bh3 Qe8 19. Qe3 Rf6 20. Qxe4 Nd7 21.
Rf3 Nf8 22. Rdd3 Rd8 23. Rde3 Rxf3 24. exf3 e5 25. f4 Qh5 26. g4 Qh4 27. Qd5+
Kh8 28. fxe5 dxe5 29. Qxe5 Ng6 30. Qh5 Qf6 31. g5 Qxg5+ 32. Qxg5 hxg5 33. d5 b5
34. Bf1 Nf4 35. Re5 bxc4 36. Bxc4 Rd6 37. Re8+ Kh7 38. Re7 c6 39. dxc6 Rd1+ 40.
Bf1 Nh3+ 41. Kg2 Nf4+ 42. Kg1 Nh3+ 43. Kg2 Nf4+ 44. Kf3 Rxf1 45. Rxa7 Rc1 46.
Ra6 Ne6 47. b4 Nd4+ 48. Kg4 Nxc6 49. Kxg5 Nd4 50. a4 Rc4 51. b5 Nxb5 52. axb5
Rc5+ 53. Kg4 Rxb5 54. f4 1/2-1/2

[Event "8. Wunsiedel Schach-Festival Meisterturn"]
[Site "Wunsiedel"]
[Date "2014.05.30"]
[Round "3.19"]
[White "Krauß, Josef"]
[Black "Hecht, Carsten"]
[Result "1/2-1/2"]
[WhiteElo "2174"]
[BlackElo "2121"]
[PlyCount "84"]
[EventDate "2014.05.29"]

1. e4 c5 2. c3 d5 3. exd5 Qxd5 4. d4 Nf6 5. Nf3 e6 6. Na3 Qd8 7. Nc2 Nc6 8. Bd3
cxd4 9. Ncxd4 Nxd4 10. Nxd4 Be7 11. Qe2 O-O 12. O-O Qc7 13. Re1 b6 14. Bg5 Bb7
15. Bh4 Bd5 16. c4 Bb7 17. Bg3 Qc5 18. Rad1 Rad8 19. Nf5 exf5 20. Qxe7 Qxe7 21.
Rxe7 Be4 22. Be2 Rxd1+ 23. Bxd1 Rd8 24. Bb3 Rd7 25. Rxd7 Nxd7 26. Bd1 f6 27.
Bd6 Kf7 28. a4 Ke6 29. Ba3 Bd3 30. b3 a5 31. f4 Nc5 32. Kf2 Be4 33. g3 Nd3+ 34.
Ke3 Nb4 35. Kd4 Bc2 36. Be2 Bxb3 37. Kc3 Bxa4 38. Bxb4 axb4+ 39. Kxb4 Bc6 40.
c5 bxc5+ 41. Kxc5 Be8 42. Bc4+ Ke7 1/2-1/2

[Event "8. Wunsiedel Schach-Festival Meisterturn"]
[Site "Wunsiedel"]
[Date "2014.05.30"]
[Round "3.20"]
[White "Drache, Georg"]
[Black "Cech, Pavel"]
[Result "0-1"]
[WhiteElo "1945"]
[BlackElo "2427"]
[PlyCount "84"]
[EventDate "2014.05.29"]

1. d4 d5 2. c4 c6 3. Nc3 Nf6 4. Bg5 Ne4 5. Nxe4 dxe4 6. f3 Bf5 7. Qb3 h6 8. Bd2
Qc7 9. g3 Nd7 10. Bg2 Nf6 11. Bf4 Qa5+ 12. Bd2 Qb6 13. Qxb6 axb6 14. Nh3 exf3
15. exf3 Bd3 16. Bf1 Bxf1 17. Kxf1 e6 18. Kg2 Be7 19. Rhe1 O-O 20. Nf4 Rfd8 21.
Bc3 b5 22. cxb5 cxb5 23. a3 g5 24. Nd3 Nd5 25. Bd2 Bf6 26. Ne5 Nb6 27. f4 Bxe5
28. fxe5 Rdc8 29. Rac1 Rxc1 30. Rxc1 Nc4 31. Rc2 Rd8 32. b3 Nxa3 33. Rc7 Rxd4
34. Bc1 Nb1 35. Kh3 Kg7 36. Rxb7 Rb4 37. Be3 Rxb3 38. Bc5 Nc3 39. Kg4 Kg6 40.
Rb8 Ne4 41. Ba7 h5+ 42. Kh3 g4+ 0-1

[Event "8. Wunsiedel Schach-Festival Meisterturn"]
[Site "Wunsiedel"]
[Date "2014.05.30"]
[Round "3.21"]
[White "Spitzl, Philipp"]
[Black "Köpke, Christian"]
[Result "0-1"]
[WhiteElo "2086"]
[BlackElo "2329"]
[PlyCount "84"]
[EventDate "2014.05.29"]

1. c4 e5 2. Nc3 Bb4 3. Qc2 Nf6 4. g3 O-O 5. Bg2 c6 6. Nf3 Re8 7. Ne4 Nxe4 8.
Qxe4 Na6 9. a3 d5 10. Qc2 Bf8 11. d3 e4 12. dxe4 dxe4 13. Ng5 f5 14. Nh3 Nc5
15. Be3 a5 16. O-O a4 17. Rad1 Qc7 18. Bf4 Qf7 19. Ng5 Qf6 20. h4 h6 21. Nh3
Be6 22. Be3 Qf7 23. Bxc5 Bxc5 24. Rc1 e3 25. f3 Red8 26. Nf4 Rd2 27. Qc3 Bd4
28. Qb4 c5 29. Qb6 Bxc4 30. Rxc4 Qxc4 31. Qxb7 Rd8 32. Bh3 Qf7 33. Qc6 Rxb2 34.
Rd1 Rbb8 35. Ne6 Re8 36. Nxd4 cxd4 37. Qxa4 f4 38. gxf4 Qxf4 39. Qxd4 Qg3+ 40.
Bg2 Qf2+ 41. Kh1 Qxe2 42. f4 Qg4 0-1

[Event "8. Wunsiedel Schach-Festival Meisterturn"]
[Site "Wunsiedel"]
[Date "2014.05.30"]
[Round "3.22"]
[White "Spitzl, Bertram"]
[Black "Meyer, Peter"]
[Result "1-0"]
[WhiteElo "2223"]
[BlackElo "2085"]
[PlyCount "61"]
[EventDate "2014.05.29"]

1. b3 e5 2. Bb2 d6 3. e3 Nc6 4. g3 Nf6 5. Bg2 Bg4 6. Ne2 Qd7 7. h3 Be6 8. d3 g6
9. d4 exd4 10. Nxd4 Bg7 11. Nxe6 fxe6 12. Nd2 O-O-O 13. Nc4 Rhf8 14. O-O g5 15.
Qe1 d5 16. Rd1 Qe8 17. Ne5 Nxe5 18. Bxe5 Nh5 19. Bxg7 Nxg7 20. c4 Qf7 21. cxd5
exd5 22. Qa5 Kb8 23. Rxd5 Nf5 24. Rfd1 Nd6 25. R1d2 h6 26. Qb4 b6 27. a4 Qf6
28. a5 Qa1+ 29. Kh2 Qe1 30. axb6 axb6 31. Ra5 1-0

[Event "8. Wunsiedel Schach-Festival Meisterturn"]
[Site "Wunsiedel"]
[Date "2014.05.30"]
[Round "3.23"]
[White "Völker, Sebastian"]
[Black "Zenker, Ulrich"]
[Result "0-1"]
[WhiteElo "2084"]
[BlackElo "2218"]
[PlyCount "90"]
[EventDate "2014.05.29"]

1. e4 d6 2. Bc4 Nf6 3. d3 Bg4 4. Nf3 c6 5. a4 d5 6. exd5 cxd5 7. Bb5+ Nc6 8. h3
Bxf3 9. Qxf3 e6 10. O-O Bd6 11. Bg5 O-O 12. Bxc6 bxc6 13. Nd2 Rb8 14. b3 h6 15.
Bxf6 Qxf6 16. Qxf6 gxf6 17. Nf3 Rb4 18. Rfb1 Rfb8 19. Kf1 c5 20. Ke2 f5 21. Rd1
Kg7 22. Rab1 Kf6 23. Nd2 h5 24. Kf1 Rg8 25. Nf3 a5 26. Re1 Bf4 27. Rbd1 Bd6 28.
Nd2 Be5 29. Nb1 Rbb8 30. Re2 Rg6 31. Na3 Rbg8 32. f3 h4 33. Nb5 Rc8 34. c3 Rgg8
35. Rc2 Bf4 36. Re1 e5 37. Ree2 Rgd8 38. Na7 Rc7 39. Nb5 Rcd7 40. d4 Rc8 41.
dxe5+ Bxe5 42. Ke1 c4 43. Nd4 cxb3 44. Nxb3 Bxc3+ 45. Kd1 d4 0-1

[Event "8. Wunsiedel Schach-Festival Meisterturn"]
[Site "Wunsiedel"]
[Date "2014.05.30"]
[Round "3.24"]
[White "Knechtel, Roland"]
[Black "Röttig, Hans-Peter"]
[Result "1-0"]
[WhiteElo "2216"]
[BlackElo "2084"]
[PlyCount "73"]
[EventDate "2014.05.29"]

1. d4 f5 2. c4 Nf6 3. Nf3 d6 4. Nc3 g6 5. e3 Bg7 6. b4 O-O 7. Qb3 c6 8. Bb2 Kh8
9. Be2 Qe8 10. c5 h6 11. O-O Nbd7 12. Rfd1 e5 13. cxd6 e4 14. Ne5 Nb6 15. a4
Kh7 16. a5 Be6 17. Qc2 Nbd5 18. Na2 f4 19. exf4 Nxf4 20. a6 b6 21. Bf1 Bd5 22.
Nc3 Qe6 23. Nxd5 cxd5 24. b5 Ng4 25. g3 Nxf2 26. Qxf2 Nd3 27. Qd2 Rf2 28. Qxf2
Nxf2 29. Kxf2 Qxd6 30. Rac1 Rf8+ 31. Kg1 Qf6 32. Rc2 Qg5 33. Bc1 Qf5 34. Be3
Bxe5 35. dxe5 Qf3 36. Re1 Rf7 37. Rf2 1-0

[Event "8. Wunsiedel Schach-Festival Meisterturn"]
[Site "Wunsiedel"]
[Date "2014.05.30"]
[Round "3.25"]
[White "Tasdelen, Deniz Murat"]
[Black "Werner, Claus"]
[Result "1/2-1/2"]
[WhiteElo "2077"]
[BlackElo "2206"]
[PlyCount "102"]
[EventDate "2014.05.29"]

1. e4 c5 2. Nf3 d6 3. Bb5+ Bd7 4. Bxd7+ Qxd7 5. O-O g6 6. Re1 Bg7 7. c3 e6 8.
d4 cxd4 9. cxd4 Ne7 10. Bg5 h6 11. Bh4 O-O 12. Nc3 Nbc6 13. d5 exd5 14. exd5
Ne5 15. Nxe5 dxe5 16. Bg3 f6 17. f4 exf4 18. Bxf4 g5 19. Be3 Nf5 20. Bc5 Rfe8
21. Qg4 Qc7 22. Bxa7 Nd6 23. Bf2 f5 24. Qh5 Rxe1+ 25. Rxe1 Nc4 26. Nb5 Qd7 27.
Bd4 Qxd5 28. Bxg7 Kxg7 29. a4 Nxb2 30. Re7+ Kf6 31. Rc7 Qd1+ 32. Qxd1 Nxd1 33.
Rd7 Ne3 34. Rd6+ Ke5 35. Rxh6 Rxa4 36. h3 Kf4 37. Nc3 Ra6 38. Rh7 Rb6 39. Re7
Rb2 40. Rxe3 Kxe3 41. Nd1+ Ke2 42. Nxb2 f4 43. Na4 f3 44. Nc3+ Kd3 45. Nb5 Ke3
46. Kf1 Kf4 47. Kf2 fxg2 48. Kxg2 g4 49. h4 g3 50. Kh3 g2 51. Nc3 g1=N+ 1/2-1/2

[Event "8. Wunsiedel Schach-Festival Meisterturn"]
[Site "Wunsiedel"]
[Date "2014.05.30"]
[Round "4.5"]
[White "Schmidt, Raul"]
[Black "Sumets, Andrey"]
[Result "1/2-1/2"]
[WhiteElo "2356"]
[BlackElo "2633"]
[PlyCount "35"]
[EventDate "2014.05.29"]

1. d4 Nf6 2. c4 e6 3. Nf3 d5 4. Nc3 Bb4 5. Qa4+ Nc6 6. Ne5 Bd7 7. Nxd7 Nxd7 8.
cxd5 Nb6 9. Qb5 Nxd5 10. Bd2 O-O 11. e3 a6 12. Qd3 Ba5 13. a3 e5 14. dxe5 Nxc3
15. Bxc3 Nxe5 16. Qc2 Bxc3+ 17. Qxc3 Qe7 18. Be2 1/2-1/2

[Event "8. Wunsiedel Schach-Festival Meisterturn"]
[Site "Wunsiedel"]
[Date "2014.05.30"]
[Round "4.6"]
[White "Delchev, Aleksander"]
[Black "Lorenz, Mark"]
[Result "1-0"]
[WhiteElo "2628"]
[BlackElo "2242"]
[PlyCount "33"]
[EventDate "2014.05.29"]

1. e4 c5 2. Nf3 d6 3. d4 cxd4 4. Nxd4 Nf6 5. Nc3 e6 6. g4 h6 7. h3 Nc6 8. Be3
a6 9. Bg2 Bd7 10. f4 Be7 11. Qe2 g5 12. fxg5 hxg5 13. O-O-O Ne5 14. Nf3 Rc8 15.
Nxe5 Rxc3 16. Nxd7 Qa5 17. Bd4 1-0

[Event "8. Wunsiedel Schach-Festival Meisterturn"]
[Site "Wunsiedel"]
[Date "2014.05.30"]
[Round "4.7"]
[White "Strutinskaya, Galina"]
[Black "Vovk, Andrey"]
[Result "1/2-1/2"]
[WhiteElo "2296"]
[BlackElo "2622"]
[PlyCount "85"]
[EventDate "2014.05.29"]

1. d4 Nf6 2. c4 g6 3. Nc3 Bg7 4. Nf3 O-O 5. g3 d6 6. Bg2 Nbd7 7. O-O e5 8. e4
a6 9. b3 b5 10. dxe5 dxe5 11. Re1 c6 12. Qc2 Qe7 13. Bb2 b4 14. Na4 c5 15. Nd2
Bb7 16. Nf1 Bh6 17. Bc1 Bxc1 18. Raxc1 Bc6 19. Nb2 Rfe8 20. Ne3 Nf8 21. Nd5 Qd8
22. Nd3 N6d7 23. f4 Ne6 24. Qf2 a5 25. Rf1 Rf8 26. fxe5 a4 27. Rcd1 axb3 28.
axb3 Kg7 29. Nf6 Qe7 30. Nxd7 Bxd7 31. Qf6+ Qxf6 32. exf6+ Kg8 33. Nxb4 Nd4 34.
Nd3 Bg4 35. Rd2 Rfd8 36. Nc1 h5 37. Kf2 Rdb8 38. Rd3 Ra1 39. Ke3 Rba8 40. Rc3
Rb1 41. Nd3 Rxb3 42. Rxb3 Nxb3 43. Kf4 1/2-1/2

[Event "8. Wunsiedel Schach-Festival Meisterturn"]
[Site "Wunsiedel"]
[Date "2014.05.30"]
[Round "4.8"]
[White "Promyshlyanskyy, Vitaliy"]
[Black "Meister, Jakob"]
[Result "1/2-1/2"]
[WhiteElo "2235"]
[BlackElo "2476"]
[PlyCount "89"]
[EventDate "2014.05.29"]

1. e4 c5 2. Nc3 g6 3. f4 Bg7 4. Nf3 Nc6 5. Bb5 Nd4 6. O-O Nxb5 7. Nxb5 a6 8.
Nc3 d6 9. d3 f5 10. Qe2 Nh6 11. Bd2 O-O 12. Rae1 e6 13. e5 Nf7 14. Kh1 dxe5 15.
Nxe5 Nxe5 16. fxe5 b6 17. a4 Bd7 18. b3 Qe7 19. Qe3 Bc6 20. Qg3 Qc7 21. Bf4
Rfd8 22. Qe3 Bb7 23. Rf2 Rd7 24. Bg5 Qc6 25. Ne2 b5 26. axb5 axb5 27. Nf4 Re8
28. h4 c4 29. bxc4 bxc4 30. Qg3 cxd3 31. cxd3 Qc3 32. Rfe2 Rd4 33. h5 Qc7 34.
Qe3 Qd7 35. Rb2 Ba8 36. hxg6 hxg6 37. Rc1 Ra4 38. Rbc2 Ra7 39. Nxg6 Qf7 40. Nf4
Rd7 41. Qg3 Kf8 42. Rc5 Bb7 43. Qh4 Ra8 44. Kg1 Kg8 45. Qg3 1/2-1/2

[Event "8. Wunsiedel Schach-Festival Meisterturn"]
[Site "Wunsiedel"]
[Date "2014.05.30"]
[Round "4.9"]
[White "Lampert, Jonas"]
[Black "Troyke, Christian"]
[Result "1/2-1/2"]
[WhiteElo "2397"]
[BlackElo "2332"]
[PlyCount "175"]
[EventDate "2014.05.29"]

1. d4 g6 2. c4 Nf6 3. Nc3 Bg7 4. e4 O-O 5. Be2 d6 6. Bg5 c5 7. d5 h6 8. Be3 e6
9. Nf3 Re8 10. Nd2 Na6 11. O-O Nc7 12. a4 b6 13. h3 a6 14. Qc2 Rb8 15. Rab1
exd5 16. cxd5 b5 17. b4 cxb4 18. Rxb4 a5 19. Rbb1 b4 20. Nb5 Nxb5 21. axb5 Bd7
22. b6 Qe7 23. Bd3 Rec8 24. Qa2 Rc3 25. Be2 Nxe4 26. Nxe4 Qxe4 27. Bf3 Qe8 28.
Qxa5 Rxe3 29. fxe3 Qxe3+ 30. Kh1 Qxb6 31. Qxb6 Rxb6 32. Bd1 Bf5 33. Rb3 Bc3 34.
Rf3 Ra6 35. Be2 Ra1+ 36. Kh2 Rc1 37. Bd3 Bxd3 38. Rxd3 Kg7 39. Kg3 Kf6 40. Kf4
h5 41. h4 Rh1 42. g3 Rf1+ 43. Ke4 Re1+ 44. Kf4 Rc1 45. Ke4 Ke7 46. Kf4 Rf1+ 47.
Ke3 Kf6 48. Ke4 Ke7 49. Rbxc3 bxc3 50. Rxc3 f5+ 51. Kd4 f4 52. Ke4 fxg3 53.
Rxg3 Kf6 54. Rg2 Re1+ 55. Kd4 Ra1 56. Rf2+ Kg7 57. Kc4 Ra4+ 58. Kb5 Rxh4 59.
Kc6 Rd4 60. Kxd6 h4 61. Ke5 Rd1 62. Ra2 Kh6 63. d6 Kh5 64. Ra5 h3 65. Kf6+ Kh4
66. Kxg6 Rxd6+ 67. Kf5 Rd4 68. Ra2 Rb4 69. Rc2 Rg4 70. Ra2 Rg2 71. Ra4+ Kh5 72.
Ra8 Rf2+ 73. Ke4 Kg4 74. Ke3 Rf7 75. Rg8+ Kh4 76. Rh8+ Kg3 77. Rg8+ Kh2 78. Ke2
Ra7 79. Kf2 Ra2+ 80. Kf1 Rg2 81. Rf8 Rg1+ 82. Kf2 Ra1 83. Rg8 Kh1 84. Rg7 h2
85. Rg8 Rg1 86. Ra8 Rg2+ 87. Kf1 Rg7 88. Rf8 1/2-1/2

[Event "8. Wunsiedel Schach-Festival Meisterturn"]
[Site "Wunsiedel"]
[Date "2014.05.30"]
[Round "4.10"]
[White "Maurer, Jochen"]
[Black "Nisipeanu, Liviu-Dieter"]
[Result "0-1"]
[WhiteElo "2269"]
[BlackElo "2691"]
[PlyCount "48"]
[EventDate "2014.05.29"]

1. e4 c5 2. Nf3 e6 3. c3 Nf6 4. e5 Nd5 5. d4 cxd4 6. Bc4 Nb6 7. Bb3 d6 8. cxd4
dxe5 9. Nxe5 Nc6 10. Nf3 Be7 11. Nc3 O-O 12. O-O Bf6 13. Be3 Bd7 14. Ne4 Be7
15. a3 Na5 16. Bc2 Bb5 17. Nfg5 h6 18. Nh7 Bxf1 19. Nxf8 Bc4 20. Bxh6 gxh6 21.
Nh7 f5 22. Qh5 Kxh7 23. Qf7+ Kh8 24. Qg6 Qf8 0-1

[Event "8. Wunsiedel Schach-Festival Meisterturn"]
[Site "Wunsiedel"]
[Date "2014.05.30"]
[Round "4.11"]
[White "Cech, Pavel"]
[Black "Krauß, Josef"]
[Result "1-0"]
[WhiteElo "2427"]
[BlackElo "2174"]
[PlyCount "79"]
[EventDate "2014.05.29"]

1. e4 d6 2. d4 Nf6 3. Nc3 g6 4. Be3 c6 5. Qd2 b5 6. Bd3 Nbd7 7. a4 b4 8. Nce2
a5 9. Bh6 Bxh6 10. Qxh6 e5 11. Nf3 Qe7 12. O-O Ba6 13. Ng3 Ng4 14. Qd2 h5 15.
h3 Ngf6 16. Bxa6 Rxa6 17. Ng5 Nh7 18. Nxh7 Rxh7 19. Rad1 h4 20. Ne2 g5 21. Qd3
Rb6 22. Nc1 exd4 23. Qxd4 c5 24. Qd5 Qe5 25. Qa8+ Ke7 26. Nd3 Qh8 27. Qd5 g4
28. hxg4 Qg7 29. Qf5 Qg6 30. Nf4 Qxf5 31. exf5 Ra6 32. g5 c4 33. Rfe1+ Kd8 34.
f6 h3 35. g3 Rh8 36. Re7 Rf8 37. g6 Nxf6 38. g7 Rg8 39. Rxf7 d5 40. Nxd5 1-0

[Event "8. Wunsiedel Schach-Festival Meisterturn"]
[Site "Wunsiedel"]
[Date "2014.05.30"]
[Round "4.12"]
[White "Jorgensen, Soren Berg"]
[Black "Baldauf, Marco"]
[Result "0-1"]
[WhiteElo "2174"]
[BlackElo "2407"]
[PlyCount "78"]
[EventDate "2014.05.29"]

1. d4 Nf6 2. c4 e6 3. g3 c5 4. d5 exd5 5. cxd5 d6 6. Nc3 g6 7. Bg2 Bg7 8. Nf3
O-O 9. O-O Re8 10. Nd2 a6 11. a4 Nbd7 12. h3 Rb8 13. a5 b5 14. axb6 Nxb6 15.
Nb3 Nc4 16. Ra4 Qb6 17. Rxc4 Qxb3 18. Qxb3 Rxb3 19. Re1 Nd7 20. Ne4 Rb6 21. f4
Bb7 22. Nc3 Rb3 23. Re4 Rxe4 24. Nxe4 Bxd5 25. Nxd6 Rxg3 26. e4 Bc6 27. Kf2 Rd3
28. e5 Bxg2 29. Kxg2 Nf8 30. Re4 Ne6 31. Ra4 Bh6 32. Rxa6 Bxf4 33. Bxf4 Nxf4+
34. Kf1 Nxh3 35. Ra8+ Kg7 36. Ra7 Ng5 37. Rc7 Rd2 38. Nc4 Rc2 39. Rxc5 Ne4 0-1

[Event "8. Wunsiedel Schach-Festival Meisterturn"]
[Site "Wunsiedel"]
[Date "2014.05.30"]
[Round "4.13"]
[White "Lodici, Lorenzo"]
[Black "Seyb, Alexander"]
[Result "1/2-1/2"]
[WhiteElo "2134"]
[BlackElo "2383"]
[PlyCount "51"]
[EventDate "2014.05.29"]

1. d4 Nf6 2. c4 g6 3. Nc3 d5 4. cxd5 Nxd5 5. Bd2 Bg7 6. e4 Nb6 7. Be3 O-O 8. h3
e5 9. Nf3 exd4 10. Bxd4 Qe7 11. Bxg7 Kxg7 12. Be2 Nc6 13. O-O Be6 14. Nd4 Nxd4
15. Qxd4+ f6 16. Rfd1 Rad8 17. Qe3 a6 18. Rac1 Rxd1+ 19. Rxd1 Rd8 20. Rxd8 Qxd8
21. Kf1 g5 22. Ke1 h6 23. b3 Qd6 24. Bg4 Kf7 25. Bxe6+ Kxe6 26. Ke2 1/2-1/2

[Event "8. Wunsiedel Schach-Festival Meisterturn"]
[Site "Wunsiedel"]
[Date "2014.05.30"]
[Round "4.14"]
[White "Köpke, Christian"]
[Black "Wolf, Christoph"]
[Result "1/2-1/2"]
[WhiteElo "2329"]
[BlackElo "2128"]
[PlyCount "38"]
[EventDate "2014.05.29"]

1. e4 e6 2. d4 d5 3. Nd2 c5 4. exd5 Qxd5 5. dxc5 Bxc5 6. Ngf3 Nf6 7. Bc4 Qc6 8.
Qe2 O-O 9. O-O a6 10. Bd3 Nbd7 11. b3 b6 12. Bb2 Bb7 13. Nc4 Rfd8 14. Nce5 Nxe5
15. Qxe5 Qd5 16. Rad1 Qxe5 17. Nxe5 Ne4 18. a3 b5 19. Nf3 Bb6 1/2-1/2

[Event "8. Wunsiedel Schach-Festival Meisterturn"]
[Site "Wunsiedel"]
[Date "2014.05.30"]
[Round "4.15"]
[White "Ott, Florian"]
[Black "Stips, Felix"]
[Result "0-1"]
[WhiteElo "2133"]
[BlackElo "2312"]
[PlyCount "58"]
[EventDate "2014.05.29"]

1. d4 d5 2. c4 c6 3. Nf3 Nf6 4. Nc3 a6 5. e3 Bg4 6. h3 Bh5 7. g4 Bg6 8. Ne5
Nbd7 9. Nxg6 hxg6 10. cxd5 cxd5 11. Bg2 e6 12. O-O Bd6 13. b3 Rc8 14. Bb2 g5
15. Rc1 Nf8 16. Na4 Rxc1 17. Bxc1 Qc7 18. Bb2 b5 19. Nc5 Bxc5 20. dxc5 Qxc5 21.
Qe2 Ng6 22. Rc1 Qd6 23. Rc8+ Kd7 24. Rxh8 Nxh8 25. e4 dxe4 26. Qe3 Ng6 27. Qxg5
Qd1+ 28. Bf1 Nd5 29. Bc1 Nh4 0-1

[Event "8. Wunsiedel Schach-Festival Meisterturn"]
[Site "Wunsiedel"]
[Date "2014.05.30"]
[Round "4.16"]
[White "Schulz, Karsten"]
[Black "Walter, Thomas"]
[Result "1-0"]
[WhiteElo "2282"]
[BlackElo "2114"]
[PlyCount "65"]
[EventDate "2014.05.29"]

1. g3 e5 2. c4 Nc6 3. Nc3 f5 4. Nf3 e4 5. Nh4 Nh6 6. d3 g5 7. Ng2 Bb4 8. h4 Nf7
9. hxg5 d5 10. cxd5 Qxd5 11. Nf4 Qe5 12. g6 hxg6 13. Nxg6 Rxh1 14. Nxe5 Nfxe5
15. Qb3 Nd4 16. Qd5 Be6 17. Qxd4 Nc6 18. Qf6 Kd7 19. Bf4 Be7 20. Qg7 Rg8 21.
Qxg8 Bxg8 22. dxe4 fxe4 23. O-O-O+ Kc8 24. Bg2 Rh2 25. Bxe4 Rxf2 26. Bf5+ Kb8
27. Rh1 Bc4 28. Rh8+ Nd8 29. Re8 Bf6 30. Ne4 Rf1+ 31. Kd2 Bb5 32. Nxf6 Bxe8 33.
Nxe8 1-0

[Event "8. Wunsiedel Schach-Festival Meisterturn"]
[Site "Wunsiedel"]
[Date "2014.05.30"]
[Round "4.17"]
[White "Hilverda, Alexander"]
[Black "Brem, Stephan"]
[Result "1-0"]
[WhiteElo "2273"]
[BlackElo "2090"]
[PlyCount "112"]
[EventDate "2014.05.29"]

1. Nf3 g6 2. d4 Bg7 3. c4 c5 4. d5 d6 5. h3 e6 6. e4 Ne7 7. Nc3 Bxc3+ 8. bxc3
e5 9. Bd3 f6 10. Bc2 h6 11. Nh2 g5 12. h4 Ng6 13. g3 Kd7 14. Qh5 Qg8 15. Qf3
Kc7 16. Ng4 Qg7 17. Ne3 Na6 18. Rb1 Rb8 19. Qh5 Rg8 20. Bd1 Kd8 21. Bg4 Ne7 22.
Be6 Bxe6 23. dxe6 Nc7 24. Nf5 Nxf5 25. exf5 Ke7 26. Qf3 b6 27. Qc6 Ne8 28. hxg5
fxg5 29. Rxh6 Kf8 30. Qh1 Rb7 31. Bxg5 Qxg5 32. Qxb7 Qxf5 33. Rd1 Rg7 34. Qd5
Rh7 35. e7+ Kg7 36. Rxh7+ Qxh7 37. Kd2 Nf6 38. e8=N+ Nxe8 39. Rh1 Qf5 40. Qb7+
Kg8 41. f3 Nf6 42. Kc1 Qd3 43. Kb2 Qxc4 44. Qb8+ Kf7 45. Qxa7+ Ke6 46. Qxb6
Qe2+ 47. Ka1 Qxf3 48. Qb3+ Ke7 49. Rb1 Qxg3 50. a4 Qd3 51. Rd1 Qf3 52. Rg1 Ng4
53. a5 Kf6 54. a6 Ne3 55. a7 c4 56. Qb8 Nf5 1-0

[Event "8. Wunsiedel Schach-Festival Meisterturn"]
[Site "Wunsiedel"]
[Date "2014.05.30"]
[Round "4.18"]
[White "Hecht, Carsten"]
[Black "Schirm, Friedmar"]
[Result "1-0"]
[WhiteElo "2121"]
[BlackElo "2272"]
[PlyCount "63"]
[EventDate "2014.05.29"]

1. e4 c5 2. Nf3 Nc6 3. d4 cxd4 4. Nxd4 g6 5. c4 Nf6 6. Nc3 d6 7. Be2 Nxd4 8.
Qxd4 Bg7 9. Be3 O-O 10. Qd2 Be6 11. O-O Qa5 12. a3 Rfc8 13. b3 b5 14. e5 Ng4
15. Bxg4 Bxg4 16. Nd5 Qd8 17. Bg5 f6 18. exf6 exf6 19. Bh4 g5 20. Bg3 bxc4 21.
bxc4 Kh8 22. Rac1 Qd7 23. f4 h6 24. fxg5 hxg5 25. Nxf6 Qe6 26. Rce1 Qxc4 27.
Re4 Qc5+ 28. Bf2 Qf5 29. Bd4 Qg6 30. Nxg4 Qxe4 31. Bxg7+ Kxg7 32. Qb2+ 1-0

[Event "8. Wunsiedel Schach-Festival Meisterturn"]
[Site "Wunsiedel"]
[Date "2014.05.30"]
[Round "4.19"]
[White "Hartung, Thomas"]
[Black "Schmid, Roland (NT)"]
[Result "1/2-1/2"]
[WhiteElo "2109"]
[BlackElo "2243"]
[PlyCount "120"]
[EventDate "2014.05.29"]

1. d4 Nf6 2. Nc3 d5 3. Bg5 e6 4. e4 Bb4 5. e5 h6 6. Bd2 Bxc3 7. bxc3 Ne4 8. Bc1
c5 9. Qg4 Kf8 10. Bd3 Qa5 11. Ne2 cxd4 12. O-O dxc3 13. Bxe4 dxe4 14. Qxe4 Nd7
15. f4 Nb6 16. a4 Nd5 17. Nd4 g6 18. Rf3 Bd7 19. h4 h5 20. Ba3+ Kg7 21. Raf1
Rac8 22. Bd6 Rhe8 23. f5 exf5 24. Nxf5+ Bxf5 25. Rxf5 Qb6+ 26. Kh1 Qxd6 27.
Rxf7+ Kh6 28. R1f6 Qxf6 29. Rxf6 Nxf6 30. Qf4+ Kh7 31. Qxf6 Rc7 32. Kh2 Rce7
33. Kh3 a5 34. Kh2 Rxe5 35. Qf7+ Kh6 36. Qxb7 Re4 37. Qc6 Rxh4+ 38. Kg1 Re3 39.
Qc5 Rhe4 40. Qxa5 Re1+ 41. Kh2 Rh4+ 42. Kg3 Rg4+ 43. Kf2 Ree4 44. Qxc3 Rgf4+
45. Kg1 Rxa4 46. g3 Rfe4 47. Qd2+ Kg7 48. Qd7+ Kf6 49. Qd8+ Kf5 50. Kf2 Rad4
51. Qf8+ Kg5 52. Qc5+ Kg4 53. Qc8+ Kg5 54. Kf3 Re5 55. Qc7 Rdd5 56. c4 Rc5 57.
Qd8+ Kh6 58. Qh8+ Kg5 59. Qd8+ Kh6 60. Qh8+ Kg5 1/2-1/2